The Bhagavad gita (the sacred song of God) : (Record no. 4575)
[ view plain ]
| 000 -LEADER | |
|---|---|
| fixed length control field | 00662nam a2200205 4500 |
| 001 - CONTROL NUMBER | |
| control field | 5445 |
| 005 - DATE AND TIME OF LATEST TRANSACTION | |
| control field | 20181127175536.0 |
| 008 - FIXED-LENGTH DATA ELEMENTS--GENERAL INFORMATION | |
| fixed length control field | 970502s1996 cau 001 0 eng |
| 010 ## - LIBRARY OF CONGRESS CONTROL NUMBER | |
| LC control number | 97147101 |
| 020 ## - INTERNATIONAL STANDARD BOOK NUMBER | |
| International Standard Book Number | 0962109916 |
| 041 1# - LANGUAGE CODE | |
| Language code of text/sound track or separate title | eng |
| Language code of original | san |
| 130 0# - MAIN ENTRY--UNIFORM TITLE | |
| Uniform title | Bhagavadgita. |
| Language of a work | English |
| 245 14 - TITLE STATEMENT | |
| Title | The Bhagavad gita (the sacred song of God) : |
| Remainder of title | a modern English translation. |
| Statement of responsibility, etc. | Ramananda Prasad, Ph.D. |
| 260 ## - PUBLICATION, DISTRIBUTION, ETC. | |
| Place of publication, distribution, etc. | USA : |
| Name of publisher, distributor, etc. | International Gita Society, |
| Date of publication, distribution, etc. | 2001. |
| 300 ## - PHYSICAL DESCRIPTION | |
| Extent | 123 p. ; |
| Dimensions | 18 cm. |
| 504 ## - BIBLIOGRAPHY, ETC. NOTE | |
| Bibliography, etc. note | Includes bibliographical references and index. |
| 546 ## - LANGUAGE NOTE | |
| Language note | English and Sanskrit. |
| 700 1# - ADDED ENTRY--PERSONAL NAME | |
| Personal name | Prasad, Ramananda. |
| Dates associated with a name | 1959- |
| Withdrawn status | Lost status | Source of classification or shelving scheme | Damaged status | Not for loan | Collection code | Home library | Current library | Shelving location | Date acquired | Serial Enumeration / chronology | Inventory number | Total Checkouts | Full call number | Barcode | Date last seen | Date last checked out | Price effective from | Koha item type |
|---|---|---|---|---|---|---|---|---|---|---|---|---|---|---|---|---|---|---|
| Dewey Decimal Classification | Main TEST | RTC Library | RTC Library | Main opac | 26/01/2023 | 8792 | 1 | 294.5 PRA | 30009691 | 16/02/2023 | 26/01/2023 | 27/11/2018 | Main |